Qui suis-je ? – Journal intime #9 - Statistiques

Statistiques générales
  • Ce quiz a été pris 41 fois
  • Le résultat moyen est 4 sur 10
Statistiques - réponses
Extraits du journal intime Personnage % Correct
J'ai marqué trois fois en finale. Nous avons perdu quand même. Je ne sais pas encore comment tenir ces deux choses ensemble.
Bondy, Seine-Saint-Denis. Ma mère jouait au handball, mon père était entraîneur. La banlieue m'a tout appris avant les grands clubs.
Le PSG m'a eu à dix-huit ans. J'aurais dû partir plus tôt peut-être. Mais la Liga attend — Madrid attend.
Je ressemble à Pelé, disent les journalistes. Je ressemble à Ronaldo, disent d'autres. Je veux ressembler à Mbappé.
Didier Deschamps m'a dit avant le match que personne n'attendait rien de nous. Mensonge bienveillant. Tout le monde attendait tout.
Kylian Mbappe
78%
Ils m'ont mis en rétention à l'aéroport pendant dix jours. Je ne suis pas vacciné. Je maintiens ce choix — même si ça me coûte ce tournoi.
Je suis né à Belgrade. Mes parents tenaient un restaurant de pizza sur la piste de ski de Kopaonik. J'ai tapé mes premières balles là-haut.
Jelena est ma femme depuis 2014. Elle a toujours été là — avant la gloire, pendant la gloire et pendant les controverses.
Vingt-quatre Grand Chelems. Les statistiques peuvent se disputer avec Federer et Nadal. Moi je connais la réponse.
Ma spiritualité ne ressemble à rien de conventionnel. Je me nourris différemment, je médite, je refuse les vaccins. C'est cohérent pour moi.
Novak Djokovic
65%
Renaissance va parler à la communauté Black queer qui m'a nourrie. Uncle Jonny m'emmenait en club quand j'étais enfant. Ce disque est pour lui.
Destiny's Child avant. Soliste après. Le groupe et le solo ne se comparent pas — ils se succèdent.
Jay et moi avons traversé quelque chose de très dur. J'ai fait Lemonade. Il a fait 4:44. C'est notre façon à nous de parler.
Houston, Texas. Mon père Matthew était mon manager. Ma mère Tina construisait mes tenues. La famille avant tout — pour le meilleur.
Je suis perfectionniste. C'est un compliment et un défaut. Les deux en même temps, toujours.
Beyoncé
59%
Mon frère veut ma mort. Il a le trône, l'armée et l'argent. Il n'a pas ma patience — c'est son Les Américains m'ont proposé l'exfiltration. J'ai dit : il me faut des munitions, pas un taxi.
J'étais acteur et comédien. Je jouais un président à la télévision avant d'en devenir un. La fiction a précédé la réalité.
Krivoi Rog, Ukraine. Famille juive russophone. Je suis président d'un pays dont la plupart des gens croient encore que je parle le russe nativement.
Olena est à mes côtés. Elle ne devait pas faire ça — elle a dit oui quand même.
Le kaki est devenu mon uniforme. Pas pour le symbole — parce que je suis dans une guerre et que les costumes peuvent attendre.
Volodymyr Zelensky
57%
Rose Bertin est venue ce matin avec six nouvelles coiffures. J'en ai choisi deux. Le coût Minneapolis, Chicago, Detroit — chaque soir soixante-dix mille personnes qui savent chaque mot. Je ne m'y habitue pas et j'espère ne jamais m'y habituer.
J'ai racheté mes masters. Ça a pris des années et une réenregistrement intégral. Scooter Braun pensait que j'allais laisser tomber.
Je viens de Wyomissing, Pennsylvanie. Ma mère m'emmenait à Nashville quand j'avais onze ans. Le country d'abord. Ensuite tout le reste.
Travis et moi sommes allés au match des Chiefs en septembre. Ce que ça a déclenché dans la presse — au-delà de tout ce que j'avais connu.
L'album Folklore en 2020. Fait en quarante-huit heures de sessions avec Aaron Dessner pendant le confinement. C'est mon œuvre préférée.
Taylor Swift
51%
Happier Than Ever — c'est le disque que je voulais faire depuis le début. Pas What Was I Made For. Enfin si, aussi.
Finneas et moi avons tout enregistré dans sa chambre à Highland Park. Pas de studio, pas de label au début. Juste nous deux.
J'ai seize ans sur Bad Guy. Seize ans. Les gens me regardent comme un monstre précoce — je suis juste une fille qui fait de la musique avec son frère.
Mon corps m'appartient. J'ai mis longtemps à le comprendre et plus longtemps encore à le dire publiquement.
Les vêtements larges — ce n'était pas une stratégie de marque. C'était pour ne pas être regardée comme un corps avant d'être regardée comme une artiste.
Indice suivant
Billie Eilish
49%
Radical Optimism — le titre dit tout. Je refuse de faire de la musique triste même quand ma vie l'est.
Je suis née à Londres mais j'ai grandi à Pristina, Kosovo. Mon père Dukagjin était chanteur. La musique venait de lui.
Mon nom est albanais — Dua veut dire 'amour'. Je l'ai gardé même quand on m'a dit que c'était imprononçable pour le marché anglophone.
Future Nostalgia a été fait pour les clubs. Sorti en mars 2020, pendant le confinement. Le monde entier l'a écouté chez soi — ce n'est pas ce que j'avais prévu.
Je suis une business en plus d'une artiste. Studio 2054, le podcast, les partenariats — je refuse qu'on me réduise à une voix.onquis plus de terres que mon père n'en rêvait. Et je suis épuisé. Et il reste encore l'est.
Dua Lipa
43%
La tronçonneuse est devenue mon symbole. Je n'en suis pas l'inventeur — la situation économique l'a inventée pour moi.
Mes chiens clonés s'appellent Murray, Milton, Robert et Lucas — en hommage aux économistes libertariens. Ce n'est pas une blague.
Je suis économiste avant d'être politique. Je crois en l'argent comme étalon moral — pas comme perversité mais comme liberté.
L'Argentine a connu cinquante ans de péronisme. Cinquante ans de déclin masqué par de la démagogie. J'ai dit ça en direct et les gens ont voté pour moi.
On me dit anarcho-capitaliste comme s
Javier Milei
24%
Le conseil m'a renvoyé vendredi soir. Dimanche soir j'étais de retour. Je n'ai pas encore compris ce qui s'est passé exactement.
ChatGPT a été lancé il y a un an. Cent millions d'utilisateurs en deux mois. Personne n'avait vu venir ça — nous non plus.
L'AGI est l'objectif. Pas dans vingt ans. Peut-être dans cette décennie. Ce que ça veut dire pour l'humanité — j'y pense vraiment.
Je suis gay et juif et dirigeant d'une entreprise qui va peut-être construire la chose la plus importante de l'histoire humaine. C'est beaucoup.
OpenAI devait être non-lucratif. C'était l'idée d'origine avec Elon et Greg. La réalité de la course aux puces et aux talents a tout changé.
Sam Altman
8%
Le Nobel. Je ne pensais pas le recevoir — pas parce que je doutais de mon travail, mais parce que je savais ce qu'on avait fait de ma carrière.
On m'a rétrogradée à Penn en 1995 parce que je n'obtenais pas de financements pour l'ARNm. J'ai continué quand même.
Je suis née à Kisújszállás, Hongrie. Mon père était boucher. Quand j'ai quitté le pays en 1985, j'avais caché l'équivalent de mille deux cents dollars dans la peluche de ma fille.
Drew Weissman et moi avons travaillé côte à côte pendant vingt ans. Il est autant dans ce Nobel que moi.
Des centaines de millions de doses du vaccin Covid contiennent ma technologie. C'est ça la vraie récompense — pas le prix.
Katalin Kariko
0%
Aucun quiz correspondant
Distribution des résultats
% des personnes avec chaque résultat
Percentile par nombre de réponses
Votre historique - résultats
Vous n’avez pas pris ce quiz